000 00684cam a22002413a 4500
001 19450
003 PGUSA
005 20140828083419.0
008 061004s2006||||xxu|||||s|||||000 1 eng d
040 _aPGUSA
_beng
042 _adc
050 4 _aPZ
100 1 _aBaum, L. Frank
_q(Lyman Frank),
_d1856-1919
245 1 0 _aDorothy and the Wizard in Oz
_h[electronic resource] /
_cL. Frank Baum
260 _bProject Gutenberg,
_c2006
506 _aPublic domain in the USA.
516 _aElectronic text
653 _aFantasy
653 _aOz (Imaginary place) -- Fiction
830 0 _aProject Gutenberg
_v19450
856 4 0 _uhttp://www.gutenberg.org/ebooks/19450
942 _cEB
999 _c248705
_d248705